| 000 -LEADER | |
|---|---|
| fixed length control field | 00427nam a22001697a 4500 |
| 005 - DATE AND TIME OF LATEST TRANSACTION | |
| control field | 20180703163305.0 |
| 008 - FIXED-LENGTH DATA ELEMENTS--GENERAL INFORMATION | |
| fixed length control field | 160524b xxu||||| |||| 00| 0 eng d |
| 020 ## - INTERNATIONAL STANDARD BOOK NUMBER | |
| ISBN | 978-93-272-3598-5 |
| 041 ## - LANGUAGE CODE | |
| Language code of text/sound track or separate title | eng |
| 082 ## - DEWEY DECIMAL CLASSIFICATION NUMBER | |
| Classification number | 658.15 |
| 100 ## - MAIN ENTRY--AUTHOR NAME | |
| Personal name | Gupta, Shashi K & Sharma, R.K. |
| 245 ## - TITLE STATEMENT | |
| Title | Financial Management |
| 260 ## - PUBLICATION, DISTRIBUTION, ETC. (IMPRINT) | |
| Place of publication | New Delhi |
| Name of publisher | Kalyani Publishing |
| Year of publication | 2006 |
| 300 ## - PHYSICAL DESCRIPTION | |
| Number of Pages | 39.2p, |
| 650 ## - SUBJECT ADDED ENTRY--TOPICAL TERM | |
| Topical Term | Management |
| 942 ## - ADDED ENTRY ELEMENTS (KOHA) | |
| Koha item type | Books |
| Lost status | Damaged status | Collection code | Home library | Current library | Shelving location | Date acquired | Cost, normal purchase price | Full call number | Accession Number | Koha item type | Source of acquisition |
|---|---|---|---|---|---|---|---|---|---|---|---|
| MANAGEMENT | JRU Library | JRU Library | SHELF-59-K | 24/05/2016 | 350.00 | 658.15 | 4720 | Books | |||
| Reference | JRU Library | SHELF-28-G | 19/09/2017 | 625.00 | 658.15 | 21983 | Books | Purchase | |||
| MANAGEMENT | JRU Library | JRU Library | SHELF-60-I | 19/09/2017 | 625.00 | 658.15 | 21984 | Books | Purchase | ||
| MANAGEMENT | JRU Library | JRU Library | SHELF-60-I | 19/09/2017 | 625.00 | 658.15 | 21985 | Books | Purchase | ||
| JRU Library | SHELF-19-F | 19/09/2017 | 625.00 | 658.15 | 21986 | Books | Purchase | ||||
| MANAGEMENT | JRU Library | JRU Library | SHELF-59-H | 30/03/2019 | 750.00 | 658.15 | 23034 | Books | Purchase | ||
| MANAGEMENT | JRU Library | JRU Library | SHELF-59-H | 30/03/2019 | 750.00 | 658.15 | 23035 | Books | Purchase | ||
| MANAGEMENT | JRU Library | JRU Library | SHELF-59-H | 30/03/2019 | 750.00 | 658.15 | 23036 | Books | Purchase | ||
| MANAGEMENT | JRU Library | JRU Library | SHELF-59-H | 30/03/2019 | 750.00 | 658.15 | 23037 | Books | Purchase | ||
| MANAGEMENT | JRU Library | SHELF-59-H | 30/03/2019 | 750.00 | 658.15 | 23038 | Books | Purchase |